[Event "Championnat de France - Accession"]
[Site "Nimes"]
[Date "2009.08.11"]
[Round "1.1"]
[White "Weill, Roland"]
[Black "Shirazi, Kamran"]
[Result "0-1"]
[WhiteElo "2227"]
[BlackElo "2384"]
[PlyCount "86"]
[EventDate "2009.??.??"]

1. e4 c5 2. Nf3 e6 3. d3 d5 4. Nbd2 Nc6 5. g3 b6 6. Bg2 dxe4 7. dxe4 Ba6 8. c3
Bd3 9. Bf1 Bxf1 10. Kxf1 Bd6 11. Nc4 Bc7 12. Qxd8+ Rxd8 13. Ke2 b5 14. Na3 a6
15. Nc2 Nf6 16. Bg5 Ke7 17. a4 Ra8 18. axb5 axb5 19. b4 cxb4 20. Nxb4 Nxb4 21.
cxb4 h6 22. Bxf6+ Kxf6 23. Rhc1 Bb6 24. Ne1 Bd4 25. Rxa8 Rxa8 26. Rc2 Ke5 27.
f3 Ra1 28. Rc1 Ra4 29. Nd3+ Kf6 30. Rc2 g5 31. h3 Ra1 32. f4 gxf4 33. Nxf4 Ke5
34. Kf3 Ra3+ 35. Kg4 Kxe4 36. Re2+ Re3 37. Kh5 Rxe2 38. Nxe2 Bg7 39. g4 Ke3 40.
Ng3 Be5 41. Kh4 Bxg3+ 42. Kxg3 e5 43. h4 f6 0-1

[Event "Championnat de France - Accession"]
[Site "Nimes"]
[Date "2009.08.11"]
[Round "1.2"]
[White "Benitah, Yohan"]
[Black "Ollier, Pablo"]
[Result "1-0"]
[WhiteElo "2383"]
[BlackElo "2226"]
[PlyCount "131"]
[EventDate "2009.??.??"]

1. d4 Nf6 2. c4 e6 3. Nc3 Bb4 4. Qc2 c5 5. dxc5 O-O 6. a3 Bxc5 7. Nf3 Nc6 8.
Bg5 Be7 9. e4 d6 10. Rd1 Ne8 11. Be3 Qc7 12. Nb5 Qb8 13. Be2 a6 14. Nc3 Bd8 15.
O-O h6 16. h3 Nf6 17. Rd2 Bc7 18. Rfd1 Rd8 19. b4 Ne7 20. Bf4 Ng6 21. Bh2 Rd7
22. Nd4 d5 23. Bxc7 Rxc7 24. exd5 exd5 25. c5 b6 26. Nb3 Ne7 27. Bf3 Be6 28.
Na4 bxc5 29. Naxc5 Qb6 30. Qd3 Qd6 31. Re1 Bf5 32. Qf1 a5 33. Nd4 axb4 34. axb4
Qf4 35. Nxf5 Nxf5 36. Red1 Nh4 37. Bxd5 Nxd5 38. Rxd5 Rcc8 39. R5d4 Qg5 40. Rg4
Qf6 41. Nd7 Qd8 42. Qe2 Ra7 43. Rgd4 Ng6 44. b5 Qg5 45. b6 Nf4 46. Qg4 Qxg4 47.
hxg4 Ne2+ 48. Kf1 Nxd4 49. bxa7 Ra8 50. Rxd4 Rxa7 51. Ne5 f6 52. Nc6 Rc7 53.
Rd6 Kf7 54. f3 Kg6 55. Kf2 h5 56. Kg3 Rb7 57. Ne5+ Kh6 58. gxh5 Kxh5 59. Rd7
Rb5 60. Nd3 g5 61. Rd6 f5 62. Re6 Rb3 63. Ne5 g4 64. Nf7 f4+ 65. Kxf4 Rb4+ 66.
Kg3 1-0

[Event "Championnat de France - Accession"]
[Site "Nimes"]
[Date "2009.08.11"]
[Round "1.3"]
[White "Bonn, Thomas"]
[Black "Guilleux, Fabien"]
[Result "1-0"]
[WhiteElo "2225"]
[BlackElo "2381"]
[PlyCount "43"]
[EventDate "2009.??.??"]

1. e4 c5 2. c3 Nf6 3. e5 Nd5 4. Nf3 Nc6 5. d4 cxd4 6. Bc4 Nb6 7. Bb3 g6 8. cxd4
Bg7 9. Bf4 d6 10. exd6 O-O 11. h3 Nxd4 12. Nxd4 e5 13. Bg3 exd4 14. O-O Bf5 15.
Na3 a6 16. Nc2 Bxc2 17. Qxc2 Rc8 18. Qe4 Qd7 19. Rac1 Rfe8 20. Qf3 Be5 21. Rxc8
Nxc8 22. Bxf7+ 1-0

[Event "Championnat de France - Accession"]
[Site "Nimes"]
[Date "2009.08.11"]
[Round "1.4"]
[White "Jolly, Jean-Francois"]
[Black "Buscara, Sevan"]
[Result "0-1"]
[WhiteElo "2366"]
[BlackElo "2225"]
[PlyCount "50"]
[EventDate "2009.??.??"]

1. e4 d5 2. exd5 Qxd5 3. Nc3 Qa5 4. Bc4 Nf6 5. d4 Bg4 6. f3 Bf5 7. g4 Bg6 8.
Bd2 Qb6 9. Nge2 Nbd7 10. g5 Nh5 11. Bb3 O-O-O 12. Nd5 Qc6 13. c4 e6 14. Ba4
Qxc4 15. Nxc7 Nc5 16. Bb5 Nd3+ 17. Kf1 Qxc7 18. Bxd3 Kb8 19. Rc1 Qd7 20. Be3 e5
21. Kg2 f5 22. Qc2 f4 23. Rhd1 e4 24. fxe4 fxe3 25. Bc4 Qg4+ 0-1

[Event "Championnat de France - Accession"]
[Site "Nimes"]
[Date "2009.08.11"]
[Round "1.6"]
[White "Bailet, Pierre"]
[Black "Callet, Emmanuel"]
[Result "1-0"]
[WhiteElo "2352"]
[BlackElo "2215"]
[PlyCount "59"]
[EventDate "2009.??.??"]

1. e4 c5 2. Nf3 e6 3. d4 cxd4 4. Nxd4 a6 5. Bd3 Nf6 6. O-O Qc7 7. Qe2 d6 8. c4
Be7 9. Nc3 O-O 10. Be3 Nbd7 11. Rac1 Ne5 12. f3 Bd7 13. b3 Nxd3 14. Qxd3 Rfd8
15. Rfd1 Be8 16. Qe2 Qa5 17. Qd2 Kf8 18. Qf2 Rdc8 19. Qg3 b5 20. Nd5 Nxd5 21.
cxd5 Bd7 22. dxe6 fxe6 23. e5 d5 24. Qg4 Kf7 25. f4 g6 26. Qh3 h5 27. g4 Rh8
28. f5 hxg4 29. fxe6+ Bxe6 30. Qf1+ 1-0

[Event "Championnat de France - Accession"]
[Site "Nimes"]
[Date "2009.08.11"]
[Round "1.7"]
[White "Favarel, Antoine"]
[Black "Lagarde, Maxime"]
[Result "0-1"]
[WhiteElo "2213"]
[BlackElo "2352"]
[PlyCount "64"]
[EventDate "2009.??.??"]

1. e4 c5 2. Nf3 d6 3. Bb5+ Bd7 4. Bxd7+ Qxd7 5. O-O Nf6 6. e5 dxe5 7. Nxe5 Qc8
8. Qf3 e6 9. d3 Be7 10. Nc3 O-O 11. Bf4 Nfd7 12. Qg3 Nxe5 13. Bxe5 f6 14. Bf4
Nc6 15. Rfe1 Nd4 16. Rac1 Qc6 17. Ne4 e5 18. Be3 Ne6 19. Nc3 Rad8 20. f4 f5 21.
Qf2 exf4 22. Bxf4 Bf6 23. Be5 Bg5 24. Rcd1 Nd4 25. Nb1 Qh6 26. c3 Nc6 27. Qxc5
Rfe8 28. Qc4+ Kh8 29. Bc7 Be3+ 30. Kh1 Rc8 31. Qf7 Rf8 32. Qd7 Rxc7 0-1

[Event "Championnat de France - Accession"]
[Site "Nimes"]
[Date "2009.08.11"]
[Round "1.8"]
[White "Boudre, Jean-Pierre"]
[Black "Depoorter, Enguerran"]
[Result "1-0"]
[WhiteElo "2337"]
[BlackElo "2207"]
[PlyCount "43"]
[EventDate "2009.??.??"]

1. e4 c5 2. Nf3 a6 3. c3 e6 4. d4 cxd4 5. cxd4 d5 6. e5 Nc6 7. Nc3 f6 8. Bd3
Bd7 9. O-O Qc7 10. Re1 O-O-O 11. Bd2 Be7 12. Rc1 Nh6 13. Na4 Nf7 14. Nc5 Bxc5
15. Rxc5 Kb8 16. b4 Rc8 17. a4 Qd8 18. b5 axb5 19. axb5 Nxd4 20. Rxc8+ Qxc8 21.
Nxd4 fxe5 22. Qf3 1-0

[Event "Championnat de France - Accession"]
[Site "Nimes"]
[Date "2009.08.11"]
[Round "1.9"]
[White "Platel, Alexandre"]
[Black "Grimberg, Gilbert"]
[Result "1-0"]
[WhiteElo "2206"]
[BlackElo "2336"]
[PlyCount "80"]
[EventDate "2009.??.??"]

1. e4 c6 2. c4 e5 3. d4 Nf6 4. dxe5 Nxe4 5. Nd2 Qa5 6. Qe2 Nxd2 7. Bxd2 Bb4 8.
Bxb4 Qxb4+ 9. Qd2 Na6 10. Nf3 O-O 11. O-O-O Qa4 12. Kb1 d5 13. b3 Qa3 14. Nd4
Nb4 15. Qb2 Qxb2+ 16. Kxb2 c5 17. a3 Na6 18. Nb5 d4 19. Bd3 f6 20. e6 Bxe6 21.
Rde1 Bd7 22. Re7 Bc6 23. Nd6 Rad8 24. Nxb7 Rde8 25. Rhe1 Rxe7 26. Rxe7 Re8 27.
Rxe8+ Bxe8 28. Be4 Bg6 29. Bc6 Kf8 30. Bb5 Nc7 31. Nxc5 Ke7 32. Na6 Ne6 33. c5
Be4 34. f3 Bb7 35. b4 Nf4 36. g3 Nd5 37. Nb8 Nc3 38. Nc6+ Bxc6 39. Bxc6 Kd8 40.
Kb3 Kc7 1-0

[Event "Championnat de France - Accession"]
[Site "Nimes"]
[Date "2009.08.11"]
[Round "1.10"]
[White "Crut, Aurelien"]
[Black "Villegas, Pierre"]
[Result "1-0"]
[WhiteElo "2335"]
[BlackElo "2202"]
[PlyCount "81"]
[EventDate "2009.??.??"]

1. e4 c6 2. d4 d5 3. e5 Bf5 4. Nf3 e6 5. Be2 Ne7 6. O-O Bg6 7. Nbd2 Nf5 8. c3
c5 9. dxc5 Bxc5 10. Nb3 Bb6 11. c4 Nc6 12. cxd5 Qxd5 13. Qxd5 exd5 14. Rd1
O-O-O 15. Bg5 Rd7 16. Rac1 Bh5 17. Bd3 Bxf3 18. gxf3 Nfe7 19. f4 Kb8 20. Bh4 h5
21. h3 g6 22. Nc5 Bxc5 23. Rxc5 b6 24. Rcc1 Nd4 25. Bf6 Rg8 26. a4 Nef5 27. Rc3
Rc8 28. Rxc8+ Kxc8 29. Ba6+ Kb8 30. e6 Nxe6 31. Bb5 Rc7 32. Be5 d4 33. Be8 Nh4
34. Kf1 f6 35. Bxc7+ Kxc7 36. Bxg6 Nxf4 37. Be4 f5 38. Ba8 d3 39. Ke1 Kd6 40.
Kd2 Nhg6 41. Ke3 1-0

[Event "Championnat de France - Accession"]
[Site "Nimes"]
[Date "2009.08.11"]
[Round "1.11"]
[White "Camus, Berenger"]
[Black "Rouler, Charly"]
[Result "0-1"]
[WhiteElo "2200"]
[BlackElo "2335"]
[PlyCount "78"]
[EventDate "2009.??.??"]

1. d4 Nf6 2. c4 g6 3. Nc3 Bg7 4. e4 d6 5. Nf3 O-O 6. Be2 Nbd7 7. Be3 e5 8. dxe5
dxe5 9. Nd2 c6 10. Qc2 Qe7 11. h3 Nc5 12. Nb3 Ne6 13. O-O-O Nd7 14. Bg4 b6 15.
Qd3 Nf6 16. Qd6 Qb7 17. Be2 Re8 18. g4 Nd7 19. h4 a5 20. a4 Ndc5 21. Nxc5 bxc5
22. h5 Nd4 23. hxg6 hxg6 24. Kb1 Rb8 25. Rd2 Bd7 26. Bh6 Re6 27. Bxg7 Kxg7 28.
Qxc5 Nb3 29. Qe3 Nxd2+ 30. Qxd2 Rd6 31. Qh6+ Kf6 32. Nd5+ cxd5 33. Qh4+ g5 34.
Qh6+ Ke7 35. Qxg5+ f6 36. Qg7+ Kd8 37. Rh8+ Be8 38. Qxb7 Rxb7 39. cxd5 Ke7 0-1

[Event "Championnat de France - Accession"]
[Site "Nimes"]
[Date "2009.08.11"]
[Round "1.12"]
[White "Debray, Christopher"]
[Black "Houard, Yannick"]
[Result "1-0"]
[WhiteElo "2328"]
[BlackElo "2200"]
[PlyCount "55"]
[EventDate "2009.??.??"]

1. e4 e6 2. d4 d5 3. Nc3 Nf6 4. e5 Nfd7 5. Nce2 c5 6. f4 Nc6 7. Nf3 Qb6 8. c3
f6 9. a3 Be7 10. b4 cxd4 11. cxd4 O-O 12. Neg1 fxe5 13. fxe5 Ncxe5 14. dxe5
Nxe5 15. Ra2 Nxf3+ 16. Nxf3 a5 17. b5 e5 18. Nxe5 Bc5 19. Qxd5+ Kh8 20. Bc4
Bf2+ 21. Kf1 Bc5+ 22. Nf7+ Rxf7+ 23. Qxf7 Bg4 24. Bb2 Bd4 25. Qf4 Bxb2 26. Rxb2
Qc5 27. Rf2 Qxa3 28. Kg1 1-0

[Event "Championnat de France - Accession"]
[Site "Nimes"]
[Date "2009.08.11"]
[Round "1.13"]
[White "Glicenstein, Asher"]
[Black "Song, Julien"]
[Result "0-1"]
[WhiteElo "2199"]
[BlackElo "2319"]
[PlyCount "60"]
[EventDate "2009.??.??"]

1. d4 Nf6 2. c4 e6 3. Nc3 d5 4. Nf3 Be7 5. Bf4 O-O $2 6. Qc2 Nbd7 7. c5 c6 8.
b4 b6 9. h3 a5 10. b5 Bb7 11. bxc6 Bxc6 12. cxb6 Nxb6 13. Ne5 Rc8 14. a3 Ba4
15. Qb2 Ne4 16. Nxa4 Nxa4 17. Qb3 Nec3 18. Nd3 Bd6 19. Bd2 Qd7 20. e3 Rb8 21.
Qc2 Rfc8 22. g3 Ne4 23. Qd1 Nb2 24. Nxb2 Rxb2 25. Ba6 Rcc2 26. Bc1 Nxf2 27. Qf3
Nxh1 28. Bxb2 Bxg3+ 29. Kd1 Qa4 30. Bb5 Qb3 0-1

[Event "Championnat de France - Accession"]
[Site "Nimes"]
[Date "2009.08.11"]
[Round "1.14"]
[White "Jablonski, Noham"]
[Black "Stephan, Victor"]
[Result "1-0"]
[WhiteElo "2305"]
[BlackElo "2198"]
[PlyCount "51"]
[EventDate "2009.??.??"]

1. e4 c5 2. Nf3 d6 3. d4 Nf6 4. Nc3 cxd4 5. Nxd4 g6 6. Be2 Bg7 7. O-O Nc6 8.
Nb3 O-O 9. Bg5 b6 10. f4 Bb7 11. Bf3 Nd7 12. Qd2 Nc5 13. Rad1 a5 14. Nd5 Bxb2
15. c3 Ba3 16. Nd4 f6 17. Bh6 Rf7 18. Nb5 Nxe4 19. Bxe4 Bc5+ 20. Kh1 e6 21. Ne3
Kh8 22. Nxd6 Rd7 23. Nxb7 Rxd2 24. Nxd8 Raxd8 25. Rxd2 Rxd2 26. Nc4 1-0

[Event "Championnat de France - Accession"]
[Site "Nimes"]
[Date "2009.08.11"]
[Round "1.15"]
[White "Nass, Emile"]
[Black "Bissieres, Matthieu"]
[Result "0-1"]
[WhiteElo "2186"]
[BlackElo "2300"]
[PlyCount "54"]
[EventDate "2009.??.??"]

1. d4 Nf6 2. Nf3 g6 3. g3 Bg7 4. Bg2 d6 5. O-O O-O 6. c4 Nbd7 7. Nc3 e5 8. e4
Re8 9. d5 Nc5 10. Ne1 a5 11. Nd3 Nfd7 12. Be3 Nxd3 13. Qxd3 Nc5 14. Qd2 b6 15.
Rae1 Bd7 16. f4 exf4 17. gxf4 Bxc3 18. Qxc3 Nxe4 19. Bxe4 Rxe4 20. Bd4 f5 21.
Rxe4 fxe4 22. Qe3 Qe7 23. Bc3 h5 24. Qd4 Kh7 25. b3 Rf8 26. Re1 Bf5 27. Kf1 g5
0-1

[Event "Championnat de France - Accession"]
[Site "Nimes"]
[Date "2009.08.11"]
[Round "1.16"]
[White "Moussard, Jules"]
[Black "Forgues, Fabien"]
[Result "1-0"]
[WhiteElo "2292"]
[BlackElo "2184"]
[PlyCount "81"]
[EventDate "2009.??.??"]

1. g3 e5 2. Bg2 g6 3. c4 Bg7 4. Nc3 Ne7 5. d3 O-O $2 6. e4 d6 7. Nge2 Be6 8.
O-O $2 c6 9. f4 Na6 10. Be3 Qd7 11. Qd2 f6 12. b3 Nc7 13. d4 d5 14. dxe5 fxe5
15. exd5 cxd5 16. Bc5 Rfd8 17. Rad1 d4 18. Ne4 Nf5 19. fxe5 Bxe5 20. Qg5 Qg7
21. Nf4 Ne3 22. Nd3 Bf5 23. Nxe5 Qxe5 24. Bd6 Qg7 25. Bxc7 Qxc7 26. Nf6+ Kh8
27. Nd5 Rxd5 28. Bxd5 Nxd1 29. Qf6+ Qg7 30. Qxg7+ Kxg7 31. Rxd1 d3 32. Bxb7 Re8
33. Bf3 h5 34. Kf2 Kf6 35. h3 Rd8 36. g4 hxg4 37. hxg4 Be6 38. Ke3 Re8 39. Kxd3
Rd8+ 40. Ke3 Re8 41. Kf2 1-0

[Event "Championnat de France - Accession"]
[Site "Nimes"]
[Date "2009.08.11"]
[Round "1.17"]
[White "Kassis, Antoine"]
[Black "Daurelle, Herve"]
[Result "1/2-1/2"]
[WhiteElo "2183"]
[BlackElo "2292"]
[PlyCount "123"]
[EventDate "2009.??.??"]

1. d4 Nf6 2. c4 e6 3. Nf3 c5 4. d5 exd5 5. cxd5 d6 6. Nc3 g6 7. h3 a6 8. a4 Qe7
9. Bf4 Bg7 10. e3 Nbd7 11. Bd3 O-O 12. O-O b6 13. Re1 Bb7 14. e4 Nh5 15. Bh2
Ne5 16. Be2 Nxf3+ 17. Bxf3 Nf6 18. e5 dxe5 19. d6 Qd7 20. Bxe5 Rad8 21. Bg3
Rfe8 22. Qd3 c4 23. Qxc4 Bxf3 24. gxf3 Qxh3 25. Re7 Rxe7 26. dxe7 Re8 27. Re1
Qd7 28. Qxa6 Rxe7 29. Rxe7 Qxe7 30. Qxb6 Nd7 31. Qd6 Qe1+ 32. Kg2 Nf8 33. Qb8
h5 34. Ne4 Qc1 35. Be5 h4 36. Bxg7 Kxg7 37. Qe5+ Kh6 38. Qc5 h3+ 39. Kh2 Qf4+
40. Ng3 Kg7 41. Qc3+ Kh7 42. Kxh3 Qxa4 43. Qf6 Kg8 44. Ne4 Ne6 45. Kg2 Qb4 46.
Qe5 Qd4 47. Qxd4 Nxd4 48. f4 Kf8 49. Kg3 Ke7 50. Nc3 Kd6 51. b4 Kc6 52. Kg4 f6
53. b5+ Kc5 54. Ne4+ Kxb5 55. Nxf6 Ne6 56. Nd7 Kb4 57. Kf3 Kc3 58. Ke4 Kd2 59.
Ne5 Ke2 60. Ng4 Nc5+ 61. Kd4 Nd3 62. Ke4 1/2-1/2

[Event "Championnat de France - Accession"]
[Site "Nimes"]
[Date "2009.08.11"]
[Round "1.18"]
[White "Saada, Julien"]
[Black "Poignot, Quentin"]
[Result "1-0"]
[WhiteElo "2289"]
[BlackElo "2183"]
[PlyCount "137"]
[EventDate "2009.??.??"]

1. d4 Nf6 2. Bg5 e6 3. e4 h6 4. Bxf6 Qxf6 5. c3 d5 6. e5 Qd8 7. Bd3 c5 8. dxc5
Bxc5 9. Nf3 Nc6 10. Qe2 Qb6 11. O-O Bd7 12. b4 Be7 13. Nbd2 Rc8 14. a3 O-O 15.
c4 Nd4 16. Nxd4 Qxd4 17. Nf3 Qg4 18. cxd5 exd5 19. Qe3 a6 20. Nd4 Bd8 21. h3
Qh4 22. Nf5 Bxf5 23. Bxf5 Rc6 24. Qd3 Bb6 25. Qxd5 Qf4 26. Qe4 Rc4 27. Qxf4
Rxf4 28. Bg4 Rd8 29. Bf3 Rd2 30. Rad1 Rxd1 31. Rxd1 a5 32. bxa5 Bxa5 33. Bxb7
Bc3 34. g3 Ra4 35. f4 Rxa3 36. Rd8+ Kh7 37. Be4+ g6 38. Rd7 Ra7 39. Bb7 Kg8 40.
Kg2 Kf8 41. Rc7 Ba5 42. Rc8+ Kg7 43. Be4 Re7 44. Rc6 Bc7 45. Kf3 Bb8 46. Bd5
Bc7 47. h4 h5 48. e6 f5 49. Ke3 Kf6 50. Kd4 Ba5 51. Ra6 Be1 52. Ra3 Bb4 53. Rb3
Ba5 54. Kc5 Be1 55. Kd6 Ba5 56. Rb5 Bc7+ 57. Kc6 Bd8 58. Rb8 Ba5 59. Rf8+ Kg7
60. Ra8 Bb4 61. Ra4 Be1 62. Ra3 Kf6 63. Rb3 Ba5 64. Rb8 Bc7 65. Ra8 Kg7 66. Ra7
Bd6 67. Kxd6 Rxa7 68. e7 Ra6+ 69. Kd7 1-0

[Event "Championnat de France - Accession"]
[Site "Nimes"]
[Date "2009.08.11"]
[Round "1.19"]
[White "Prodhomme, Boris"]
[Black "Van Elst, Andreas"]
[Result "0-1"]
[WhiteElo "2183"]
[BlackElo "2288"]
[PlyCount "80"]
[EventDate "2009.??.??"]

1. d4 Nf6 2. c4 g6 3. Nc3 Bg7 4. e4 d6 5. Nf3 O-O 6. Be2 Nbd7 7. O-O e5 8. Qc2
c6 9. Rd1 Qe7 10. Be3 exd4 11. Bxd4 Re8 12. Nd2 Nc5 13. Bf3 Bh6 14. b4 Ne6 15.
Nb3 Nxd4 16. Nxd4 Bg4 17. Bxg4 Nxg4 18. h3 Ne5 19. Nce2 Rad8 20. b5 c5 21. Nb3
Qe6 22. Rd5 Nd7 23. Na5 Nb6 24. Rdd1 Qxe4 25. Qxe4 Rxe4 26. Nxb7 Rd7 27. Nc3
Rxc4 28. Nxd6 Rd4 29. Nce4 Bg7 30. Rxd4 Bxd4 31. Rd1 Kf8 32. a4 f5 33. a5 Nd5
34. Nxc5 Bxc5 35. Rxd5 Bxd6 36. Kf1 Ke7 37. a6 Ke6 38. Rd4 Bc5 39. Rc4 Rd5 40.
Rh4 Bb6 0-1

[Event "Championnat de France - Accession"]
[Site "Nimes"]
[Date "2009.08.11"]
[Round "1.20"]
[White "Meynard, Thibault"]
[Black "Wunderman, Xavier"]
[Result "1-0"]
[WhiteElo "2288"]
[BlackElo "2169"]
[PlyCount "111"]
[EventDate "2009.??.??"]

1. d4 d5 2. c4 c6 3. Nf3 Nf6 4. Nc3 e6 5. Bg5 dxc4 6. e4 b5 7. e5 h6 8. Bh4 g5
9. Nxg5 hxg5 10. Bxg5 Nbd7 11. g3 Qa5 12. exf6 b4 13. Ne4 Ba6 14. Bd2 Qd5 15.
Bg2 Qxd4 16. Be3 Qxb2 17. Rb1 Qe5 18. Bf4 Qf5 19. Bd6 Qd5 20. Qa4 Bb5 21. Qxb4
a5 22. Qa3 Qd3 23. Bxf8 Qxb1+ 24. Kd2 Qd3+ 25. Qxd3 cxd3 26. Be7 Ne5 27. Nd6+
Kd7 28. Nxb5 cxb5 29. Bxa8 Rxa8 30. Rc1 Rc8 31. Rxc8 Kxc8 32. h4 Ng4 33. h5
Nxf2 34. h6 Ne4+ 35. Kxd3 Ng5 36. Kd4 Kb7 37. Kc5 Ka6 38. g4 Nh7 39. Bd8 b4 40.
Be7 Ng5 41. Kc6 Nh7 42. Kd7 a4 43. Ke8 b3 44. axb3 axb3 45. Ba3 Ng5 46. Bb2 Kb6
47. Kf8 Kc6 48. Kg7 Kd5 49. Bc1 e5 50. Kg8 Ke6 51. Bxg5 b2 52. h7 b1=Q 53. h8=Q
e4 54. Kg7 Qb5 55. Qc8+ Kd6 56. Bf4+ 1-0

[Event "Championnat de France - Accession"]
[Site "Nimes"]
[Date "2009.08.11"]
[Round "1.21"]
[White "Barret, Simon"]
[Black "Romieux, Sebastien"]
[Result "0-1"]
[WhiteElo "2166"]
[BlackElo "2284"]
[PlyCount "160"]
[EventDate "2009.??.??"]

1. d4 Nf6 2. Nf3 e6 3. e3 c5 4. Bd3 b6 5. O-O Bb7 6. Nbd2 Nc6 7. a3 cxd4 8.
exd4 Be7 9. Re1 O-O 10. Nf1 Re8 11. Ng3 Qc7 12. Bd2 Bf8 13. Bg5 Nd5 14. Ne5 d6
15. Nf3 g6 16. c4 Nde7 17. Bf6 Bg7 18. Bxg7 Kxg7 19. Qd2 Na5 20. Qg5 Bxf3 21.
gxf3 Ng8 22. Nh5+ Kh8 23. Ng3 Nb3 24. Rad1 Rac8 25. Bf1 e5 26. dxe5 dxe5 27.
Qe3 Nd4 28. Qc3 Qc6 29. Ne4 Nf6 30. Rxd4 exd4 31. Qxd4 Kg7 32. b3 Rcd8 33. Qc3
Qe6 34. Rc1 Qe5 35. Qc2 Nxe4 36. fxe4 Qxe4 37. Qc3+ Qe5 38. Qxe5+ Rxe5 39. b4
Rg5+ 40. Bg2 Rd4 41. h3 Kf6 42. c5 bxc5 43. bxc5 Rd7 44. c6 Rc7 45. Rc3 Ke6 46.
Kf1 Kd6 47. Bf3 Re7 48. Rd3+ Kc7 49. Rb3 Rc5 50. Kg2 a5 51. Kg3 Rc4 52. Rb5 a4
53. Ra5 h5 54. Kg2 h4 55. Ra8 Kd6 56. Ra5 Re5 57. Ra7 Ke6 58. Bd1 Rg5+ 59. Kf3
Rc3+ 60. Ke2 Rxa3 61. Bxa4 Rc5 62. c7 Kd6 63. Ra6+ Kxc7 64. Ra7+ Kb6 65. Ra8
Re5+ 66. Kf1 Re4 67. Bc2 Rxa8 68. Bxe4 Ra3 69. Kg2 Kc5 70. Bf3 Kd4 71. Bc6 Ke5
72. Be8 Ra7 73. Bb5 Kf4 74. Be8 g5 75. Bc6 f5 76. Bd5 g4 77. hxg4 fxg4 78. Kh2
Rd7 79. Bc6 Rd2 80. Kg1 g3 0-1

[Event "Championnat de France - Accession"]
[Site "Nimes"]
[Date "2009.08.11"]
[Round "1.22"]
[White "Strugnell, Carl"]
[Black "Maleki, Nicolas"]
[Result "0-1"]
[WhiteElo "2280"]
[BlackElo "2165"]
[PlyCount "68"]
[EventDate "2009.??.??"]

1. e4 c6 2. d4 d5 3. e5 Bf5 4. Nf3 e6 5. Be2 c5 6. Be3 cxd4 7. Nxd4 Ne7 8. c4
Nbc6 9. Qa4 Qc7 10. f4 Qd7 11. Nb5 Ng6 12. c5 d4 13. Nxd4 Nxd4 14. Qxd4 Qxd4
15. Bxd4 Nxf4 16. Bb5+ Kd8 17. O-O g5 18. Nc3 Kc7 19. Bc4 a6 20. b4 Rd8 21.
Rad1 Bg7 22. Ne2 Bg4 23. Rd2 Bxe2 24. Bxe2 Rxd4 25. Rxd4 Nxe2+ 26. Kh1 Nxd4 27.
Rxf7+ Kc6 28. Rxg7 Nc2 29. a3 Nxa3 30. Re7 Kd5 31. Rxb7 Kxe5 32. c6 Kd6 33. c7
Rc8 34. Rb6+ Kxc7 0-1

[Event "Championnat de France - Accession"]
[Site "Nimes"]
[Date "2009.08.11"]
[Round "1.23"]
[White "Velten, Paul"]
[Black "Lefebvre, Herve"]
[Result "0-1"]
[WhiteElo "2153"]
[BlackElo "2279"]
[PlyCount "96"]
[EventDate "2009.??.??"]

1. d4 Nf6 2. Nf3 g6 3. Bg5 Bg7 4. Nbd2 O-O 5. e4 d5 6. exd5 Nxd5 7. c3 b6 8.
Bc4 Bb7 9. O-O Nd7 10. Re1 N7f6 11. a4 h6 12. Bh4 Nf4 13. Bg3 N6h5 14. a5 e6
15. Bf1 Qd5 16. Nc4 Rac8 17. Ne3 Qd8 18. axb6 axb6 19. Ra7 Ra8 20. Qa4 Rxa7 21.
Qxa7 Qa8 22. Ra1 Rd8 23. Nc4 Nxg3 24. hxg3 Nh3+ 25. gxh3 Bxf3 26. Qxc7 Qxa1 27.
Qxd8+ Kh7 28. Qxb6 h5 29. Ne3 Bh6 30. Qb5 Qc1 31. Qd3 Qxb2 32. Nc4 Qb7 33. Nd6
Qd5 34. Nxf7 Be4 35. Qa6 Qf5 36. Nd6 Qf3 37. Nxe4 Qxe4 38. Qd3 Qe1 39. c4 e5
40. d5 e4 41. Qc2 e3 42. c5 exf2+ 43. Kg2 Qe5 44. Qc4 h4 45. gxh4 Be3 46. Bd3
Bd4 47. d6 Qf4 48. d7 f1=Q+ 0-1

[Event "Championnat de France - Accession"]
[Site "Nimes"]
[Date "2009.08.11"]
[Round "1.24"]
[White "Ravot, Sylvain"]
[Black "Dijoux, Frederic"]
[Result "1/2-1/2"]
[WhiteElo "2276"]
[BlackElo "2152"]
[PlyCount "56"]
[EventDate "2009.??.??"]

1. e4 e6 2. d4 d5 3. Nd2 Nf6 4. e5 Nfd7 5. c3 c5 6. Bd3 Nc6 7. Ndf3 cxd4 8.
cxd4 f6 9. exf6 Nxf6 10. Nh3 Bd6 11. O-O Qc7 12. Re1 O-O 13. Nhg5 e5 14. dxe5
Nxe5 15. Nxe5 Bxe5 16. Bxh7+ Kh8 17. g3 Bg4 18. Qc2 Qxc2 19. Bxc2 Bd4 20. h3
Bd7 21. Rd1 Bb6 22. Kg2 Rae8 23. Bd3 Ne4 24. Bxe4 Rxf2+ 25. Kh1 dxe4 26. Rxd7
Rf1+ 27. Kg2 Rf2+ 28. Kh1 Rf1+ 1/2-1/2

[Event "Championnat de France - Accession"]
[Site "Nimes"]
[Date "2009.08.11"]
[Round "1.25"]
[White "Jeanne, Mickael"]
[Black "Sochacki, Christophe"]
[Result "1/2-1/2"]
[WhiteElo "2148"]
[BlackElo "2274"]
[PlyCount "123"]
[EventDate "2009.??.??"]

1. Nf3 Nf6 2. c4 e6 3. Nc3 Bb4 4. Qc2 d5 5. a3 Bxc3 6. Qxc3 O-O $2 7. b4 b6 8.
Bb2 Nbd7 9. e3 c5 10. d3 Bb7 11. Be2 Qe7 12. b5 Ne8 13. h4 f6 14. a4 Nd6 15.
Rg1 e5 16. cxd5 Bxd5 17. g4 e4 18. dxe4 Nxe4 19. Qc2 Qe6 20. Nd2 Nxd2 21. Qxd2
Ne5 22. Qc3 Kh8 23. g5 Nf3+ 24. Bxf3 Bxf3 25. Rg3 Bh5 26. gxf6 Rxf6 27. Qe5 Qf7
28. Rg5 Re8 29. Qd5 Bf3 30. Qxf7 Rxf7 31. a5 Rd8 32. Rg3 h5 33. axb6 axb6 34.
Be5 Bg4 35. Bf4 c4 36. f3 Bf5 37. Be5 Kh7 38. Bd4 Bd3 39. Kd2 Rd5 40. Ra6 Rxb5
41. Rxb6 Rxb6 42. Bxb6 g6 43. Bd4 Rf8 44. f4 Ra8 45. Rg1 Ra2+ 46. Kc3 Kg8 47.
Bf6 Kf7 48. Bg5 Ke6 49. Kd4 Re2 50. Ra1 Kf5 51. Rg1 Rc2 52. Bd8 Rd2 53. Rg5+
Ke6 54. Re5+ Kd7 55. Rd5+ Kc6 56. Rc5+ Kb7 57. Kc3 Rd1 58. Bf6 Be2 59. Bd4 Bd3
60. Bf6 Bf1 61. Bd4 Bd3 62. Bf6 1/2-1/2

[Event "Championnat de France - Accession"]
[Site "Nimes"]
[Date "2009.08.11"]
[Round "1.26"]
[White "Le Goff, Damien"]
[Black "Lewis, John"]
[Result "1-0"]
[WhiteElo "2270"]
[BlackElo "2147"]
[PlyCount "125"]
[EventDate "2009.??.??"]

1. e4 c5 2. Nf3 Nc6 3. d4 cxd4 4. Nxd4 Qc7 5. Nc3 e6 6. Be2 a6 7. Be3 Nf6 8.
O-O Be7 9. f4 d6 10. Kh1 O-O 11. Qe1 Nxd4 12. Bxd4 b5 13. a3 Bb7 14. Qg3 Bc6
15. Rae1 Rae8 16. e5 dxe5 17. Bxe5 Qb7 18. Rf2 Kh8 19. Bd3 Rd8 20. Rd2 Bd6 21.
Qh4 Bxe5 22. fxe5 Rxd3 23. cxd3 Ng8 24. Ne4 Ne7 25. Nd6 Qd7 26. Qd4 Ng6 27. Rf2
Kg8 28. Ref1 Nh8 29. Qc5 Bd5 30. Rc1 Ng6 31. Qc7 Nxe5 32. Qxd7 Nxd7 33. Rc7 Nf6
34. Rc8 Rxc8 35. Nxc8 Kf8 36. Rc2 Ne8 37. Nb6 Bb7 38. Nd7+ Ke7 39. Nc5 Bc8 40.
Kg1 e5 41. b4 f6 42. d4 Nd6 43. dxe5 fxe5 44. Kf2 Nc4 45. a4 Nb6 46. a5 Nd5 47.
Rb2 Kf6 48. Ke2 g5 49. Kd3 Bf5+ 50. Kd2 e4 51. Nxa6 e3+ 52. Ke1 Ke5 53. Nc5 Kd4
54. a6 Kc3 55. Rb3+ Kd4 56. a7 Nb6 57. Ra3 Na8 58. h3 Kc4 59. Na6 Be4 60. g4
Bb7 61. Ke2 Bxa6 62. Rxa6 Kxb4 63. Rc6 1-0

[Event "Championnat de France - Accession"]
[Site "Nimes"]
[Date "2009.08.11"]
[Round "1.27"]
[White "Rodier, David"]
[Black "Mancini, Mario"]
[Result "0-1"]
[WhiteElo "2145"]
[BlackElo "2269"]
[PlyCount "101"]
[EventDate "2009.??.??"]

1. d4 Nf6 2. c4 Nc6 3. Nf3 e6 4. a3 d6 5. Nc3 g6 6. e4 Bg7 7. Be2 O-O 8. O-O
Re8 9. Be3 e5 10. d5 Nd4 11. Nxd4 exd4 12. Bxd4 Nxe4 13. Bxg7 Kxg7 14. Rc1 Qf6
15. Bd3 Bf5 16. Bxe4 Bxe4 17. Re1 Bf5 18. Qd2 a6 19. b4 h5 20. h3 h4 21. Re3
Rxe3 22. Qxe3 Bd7 23. Ne4 Qe5 24. f4 Qe7 25. Qd4+ f6 26. Re1 Re8 27. Re2 b6 28.
Kf2 Qd8 29. Re3 Qe7 30. Re2 Qf8 31. Re3 c5 32. dxc6 Bxc6 33. Nxd6 Rxe3 34. Kxe3
Bxg2 35. Kf2 Bxh3 36. Qxb6 Qa8 37. Qb7+ Qxb7 38. Nxb7 g5 39. b5 axb5 40. cxb5
g4 41. b6 g3+ 42. Kg1 Be6 43. Nd6 h3 44. b7 h2+ 45. Kg2 Bd5+ 46. Kxg3 h1=Q 47.
b8=Q Qf3+ 48. Kh4 Qxf4+ 49. Kh3 Qf3+ 50. Kh4 Qf2+ 51. Kh5 0-1